Word Ladder: Bloody Study Quiz Stats

Quiz Updated Aug 29, 2015

Challenge
Share
Tweet
Embed
Score 0/24 Timer 04:00
0 Plays Today
Clue 4-Letter Word % Correct
πŸ’˜ ARTERY OPPOSITE πŸ’˜πŸ’˜ VEIN πŸ’˜
97.8%
Chow ____MEIN
97.5%
The averageMEAN
95%
Like a proposer's kneeBENT
95%
πŸ’š ACTION FROM THE HEART? πŸ’šπŸ’š BEAT πŸ’š
92.9%
PennyCENT
92.8%
Crème ____ crème (2 words)DE LA
92.7%
Tepary, lupin, or Rowan Atkinson, e.g.BEAN
91%
Farmer location, in a children's songDELL
89.8%
πŸ’› ERYTHROCYTE OR LEUKOCYTE πŸ’›πŸ’› CELL πŸ’›
89.4%
β€œ____ again?”, or β€œwhat?”COME
88.1%
Beantown athleteCELT
87.4%
Clue 4-Letter Word % Correct
State lacking consciousnessCOMA
86.7%
A protected area of waterCOVE
84.6%
Heaven for a spelunkerCAVE
84.6%
Famed diagrams with interlocking circlesVENN
82.8%
One's roostHOME
78.4%
São ___ and PríncipeTOMÉ
67.1%
πŸ’œ SUPERIOR/INFERIOR ____ (LAST RUNG): BRINGS THE BLOOD BACK TO THE HEART πŸ’œπŸ’œ VENA πŸ’œ
65.9%
πŸ’œ SUPERIOR/INFERIOR (FIRST RUNG) ____: BRINGS THE BLOOD BACK TO THE HEART πŸ’œπŸ’œ CAVA πŸ’œ
65.8%
πŸ’™ (RUNG 15)____: A SWOLLEN BLOOD CLOT πŸ’™πŸ’™ -TOMA πŸ’™
65.7%
πŸ’– BLOOD COLORER, RED PIGMENT CONTAINING IRON πŸ’–πŸ’– HEME πŸ’–
63.2%
πŸ’™ ____(RUNG 19): A SWOLLEN BLOOD CLOT πŸ’™πŸ’™ HEMA- πŸ’™
62%
Henrietta Lacks's remains in microscopic form, or Thor foeHELA
60.2%

Today's Daily Dose

You're not logged in!

Compare scores with friends on all Sporcle quizzes.
Sign Up with Email
OR
Log In

You Might Also Like...

Show Comments

Extras

Top Quizzes Today


Score Distribution

Your Account Isn't Verified!

In order to create a playlist on Sporcle, you need to verify the email address you used during registration. Go to your Sporcle Settings to finish the process.